Как мы живем. Практическая экономика для повседневной жизни: пер. с англ.

Bibliografske podrobnosti
Glavni avtor: Шо Дж. М. Джон М.
Jezik:ruščina
Izdano: Москва, Дело, 1998
Teme:
Format: Knjiga
KOHA link:https://koha.lib.tpu.ru/cgi-bin/koha/opac-detail.pl?biblionumber=14375

MARC

LEADER 00000nam0a2200000 4500
001 14375
005 20231030185641.0
010 |a 5774900819 
035 |a (RuTPU)RU\TPU\book\14468 
035 |a BOOK00014537 
090 |a 14375 
100 |a 20011209d1998 m y0rusy50 ca 
101 1 |a rus  |c eng 
102 |a RU 
105 |a y z 000zy 
200 1 |a Как мы живем. Практическая экономика для повседневной жизни  |e пер. с англ.  |f Дж. М. Шо 
210 |a Москва  |c Дело  |d 1998 
215 |a 112 с. 
610 1 |a экономика 
610 1 |a США 
610 1 |a Америка 
610 1 |a банки 
610 1 |a прибыль 
610 1 |a деньги 
610 1 |a безработица 
610 1 |a инфляция 
686 |a У9(7США)  |v LBC/SL-A  |2 rubbk 
700 1 |a Шо  |b Дж. М.  |g Джон М. 
801 0 |a RU  |b 63413507  |c 20011209  |g PSBO 
801 2 |a RU  |b 63413507  |c 20120215  |g PSBO 
942 |c BK